000 00838cab a2200205 4500
001 ABS43726
008 090401t1990 xxu||||| |||| 00| 0 eng d
035 _a(Sirsi) u43218
041 _aeng
100 _aMynors, C.
245 4 _aThe new planning Acts
260 _c1990
350 _a0
490 _aSolicitors` Journal
_v134(43) 26 October 1990, 1223-1225(3)
520 _aReviews the new planning acts, Town and Country Planning Act 1990 , Planning (Listed Buildings and Conservation Areas) Act 1990 ; Planning (Hazardous Substances) Act 1990 and Planning (Consequential Provisions) Act 1990 giving a table of its provisions and a table of corresponding provisions between the 1971 and 1990 Acts.
650 _aTOWN AND COUNTRY PLANNING ACT 1971
690 _aPLANNING LAW AND PRACTICE
942 _n0
948 _c04/03/1997
999 _c27626
_d27626